[Event "POL-ch U14"]
[Site "Sekocin Stary"]
[Date "2010.05.08"]
[Round "10"]
[White "Karski, Sebastian"]
[Black "Eggink, Mateusz"]
[Result "0-1"]
[WhiteElo "1842"]
[BlackElo "1820"]
[PlyCount "78"]
[EventDate "2010.05.01"]
[EventType "swiss"]
[EventRounds "10"]
[EventCountry "POL"]
[SourceTitle "EXT 2011"]
[Source "ChessBase"]
[SourceDate "2010.11.26"]
[SourceVersion "1"]
[SourceVersionDate "2010.11.26"]
[SourceQuality "1"]

1. d4 d5 2. c3 Nf6 3. Bg5 e6 4. Nf3 Be7 5. Nbd2 Nbd7 6. e3 0-0 7. Bd3 c5 8. 0-0 c4 9. Bc2 h6 10. Bxf6 Nxf6 11. e4 dxe4 12. Nxe4 Rb8 13. Qe2 b5 14. Ne5 Bb7 15. a4 a6 16. axb5 axb5 17. Nxf6+ Bxf6 18. Ng4 Be7 19. Ne5 Bd6 20. f4 Ra8 21. Be4 Bxe4 22. Qxe4 Bxe5 23. fxe5 Qd5 24. Qxd5 exd5 25. g3 Rfb8 26. Rxa8 Rxa8 27. Kg2 Ra2 28. Rf2 Kf8 29. h3 Ke7 30. g4 b4 31. Kg1 Ra1+ 32. Rf1 Rxf1+ 33. Kxf1 Kd7 34. Ke2 Kc6 35. Kd2 Kb5 36. h4 g6 37. h5 bxc3+ 38. Kxc3 gxh5 39. gxh5 Ka4 0-1

[Event "POL-ch U14"]
[Site "Sekocin Stary"]
[Date "2010.05.04"]
[Round "7"]
[White "Karski, Sebastian"]
[Black "Gawiec, Konrad"]
[Result "1/2-1/2"]
[WhiteElo "1842"]
[BlackElo "1792"]
[PlyCount "87"]
[EventDate "2010.05.01"]
[EventType "swiss"]
[EventRounds "10"]
[EventCountry "POL"]
[SourceTitle "EXT 2011"]
[Source "ChessBase"]
[SourceDate "2010.11.26"]
[SourceVersion "1"]
[SourceVersionDate "2010.11.26"]
[SourceQuality "1"]

1. e4 c5 2. Nc3 e6 3. g3 d5 4. exd5 exd5 5. d4 cxd4 6. Qxd4 Nf6 7. Bg5 Be7 8. Bxf6 Bxf6 9. Qe3+ Be6 10. Qd2 0-0 11. Bg2 Qb6 12. Nge2 Nc6 13. 0-0 d4 14. Nd5 Bxd5 15. Bxd5 Rad8 16. Bxc6 bxc6 17. Rab1 c5 18. b3 Rd7 19. Nc1 c4 20. Qe2 Rc7 21. Qd1 g6 22. Ne2 Qc5 23. Nf4 Bg7 24. Qe2 Rd8 25. Rfd1 cxb3 26. cxb3 Qc2 27. Qg4 Be5 28. Nd3 h5 29. Qf3 Bd6 30. Qe4 Qxa2 31. Qxd4 Kh7 32. Nb4 Bc5 33. Nxa2 Rxd4 34. Rxd4 Bxd4 35. Nb4 a5 36. Nd3 Rc3 37. Ne1 Bc5 38. Kf1 g5 39. Ke2 Kg6 40. Rb2 f6 41. Rc2 Rxc2+ 42. Nxc2 g4 43. Ne1 Kg5 44. Ng2 1/2-1/2

[Event "Malbork Mayor Cup"]
[Site "Malbork"]
[Date "2010.02.21"]
[Round "9.4"]
[White "Wojszkun, Tadeusz"]
[Black "Karski, Sebastian"]
[Result "1/2-1/2"]
[WhiteElo "1806"]
[BlackElo "1836"]
[PlyCount "65"]
[EventDate "2010.02.15"]
[EventType "swiss"]
[EventRounds "9"]
[EventCountry "POL"]
[SourceTitle "EXT 2023"]
[Source "ChessBase"]
[SourceDate "2022.10.05"]
[SourceVersion "1"]
[SourceVersionDate "2022.10.05"]
[SourceQuality "1"]

1. d4 d5 2. c4 e6 3. Nc3 Nf6 4. Nf3 c6 5. Bg5 Nbd7 6. e3 Be7 7. Rc1 0-0 8. Bd3 dxc4 9. Bxc4 b5 10. Bd3 Bb7 11. 0-0 a6 12. Qe2 c5 13. Bxf6 Bxf6 14. dxc5 Nxc5 15. Bb1 Rc8 16. Rfd1 Qe7 17. a3 g6 18. Nd4 Rfd8 19. Ba2 Bg7 20. Qg4 h5 21. Qe2 Ne4 22. Nxe4 Rxc1 23. Rxc1 Bxe4 24. Rd1 Bb7 25. b4 Be5 26. h3 Bb8 27. Rc1 Qd6 28. f4 e5 29. Nf3 exf4 30. e4 Qb6+ 31. Kh1 Qe3 32. Qb2 Bxe4 33. Re1 1/2-1/2

[Event "Malbork Mayor Cup"]
[Site "Malbork"]
[Date "2010.02.16"]
[Round "3.5"]
[White "Kindler, Przemyslaw"]
[Black "Karski, Sebastian"]
[Result "1/2-1/2"]
[WhiteElo "1570"]
[BlackElo "1836"]
[PlyCount "120"]
[EventDate "2010.02.15"]
[EventType "swiss"]
[EventRounds "9"]
[EventCountry "POL"]
[SourceTitle "EXT 2023"]
[Source "ChessBase"]
[SourceDate "2022.10.05"]
[SourceVersion "1"]
[SourceVersionDate "2022.10.05"]
[SourceQuality "1"]

1. e4 c6 2. d4 d5 3. e5 Bf5 4. Nc3 e6 5. Nf3 c5 6. Bb5+ Nc6 7. Be3 c4 8. a3 Nge7 9. 0-0 a6 10. Bxc6+ Nxc6 11. Bg5 Qc7 12. b3 cxb3 13. cxb3 Nxe5 14. Nxe5 Qxc3 15. Rc1 Qa5 16. Qh5 g6 17. Qh4 h6 18. b4 Qb6 19. Rc3 Bg7 20. Bf6 g5 21. Qh5 0-0 22. Nd7 Qb5 23. Bxg7 Kxg7 24. Nxf8 Rxf8 25. Rfc1 Qb6 26. Rd1 a5 27. bxa5 Qxa5 28. Qf3 Qa4 29. Qe2 Be4 30. f3 Bg6 31. Qe5+ Kg8 32. Rdc1 Kh7 33. Kh1 Qa6 34. h3 Kg8 35. Rc8 Qxa3 36. Rxf8+ Qxf8 37. Rc7 Qg7 38. Qe3 b5 39. Rb7 Qf6 40. Rxb5 Kg7 41. Kg1 Qe7 42. Kf2 Qf6 43. Rb2 Qf5 44. g4 Qf6 45. Rb7 Bh7 46. Rd7 Bg6 47. Rb7 Bh7 48. Rb8 Bg6 49. Rc8 Bh7 50. Kg2 Bg6 51. Qa3 Bh7 52. Qf8+ Kg6 53. Rc7 Qg7 54. Qe8 Qf6 55. Qa4 Qf4 56. Qc2+ Kg7 57. Qc3 Bg6 58. Ra7 Bh7 59. Rd7 Bg6 60. Qe1 Kf6 1/2-1/2

[Event "POL-chT U14 15th"]
[Site "Sielpia"]
[Date "2009.04.28"]
[Round "3"]
[White "Kowalczyk, Adam"]
[Black "Karski, Sebastian"]
[Result "1/2-1/2"]
[WhiteElo "1714"]
[BlackElo "1835"]
[PlyCount "70"]
[EventDate "2009.04.27"]
[EventType "team-tourn"]
[EventRounds "10"]
[EventCountry "POL"]
[SourceTitle "EXT 2011"]
[Source "ChessBase"]
[SourceDate "2010.11.26"]
[SourceVersion "1"]
[SourceVersionDate "2010.11.26"]
[SourceQuality "1"]

1. e4 c6 2. d4 d5 3. Nc3 dxe4 4. Nxe4 Nd7 5. Nf3 Ngf6 6. Nxf6+ Nxf6 7. Bd3 Bg4 8. Be3 e6 9. h3 Bh5 10. 0-0 Bd6 11. c3 0-0 12. Bg5 Be7 13. Bxf6 Bxf6 14. g4 Bg6 15. Bxg6 hxg6 16. Qe2 Qc7 17. Kg2 Rfd8 18. Rh1 c5 19. Qc4 Rac8 20. dxc5 Qxc5 21. Qxc5 Rxc5 22. Rhd1 Rcd5 23. Rxd5 Rxd5 24. Re1 Kf8 25. Re4 Ke8 26. Nd4 Bxd4 27. Rxd4 Rxd4 28. cxd4 Kd7 29. Kf3 Kc6 30. Ke4 Kd6 31. f4 f5+ 32. Ke3 Kc6 33. Kd3 Kd5 34. g5 a6 35. b3 b6 1/2-1/2

[Event "Kowalewo Pomorskie op-B"]
[Site "Kowalewo Pomorskie"]
[Date "2008.07.04"]
[Round "1.26"]
[White "Szymanowski, Mateusz"]
[Black "Karski, Sebastian"]
[Result "0-1"]
[WhiteElo "1543"]
[BlackElo "1847"]
[PlyCount "88"]
[EventDate "2008.07.04"]
[EventType "swiss"]
[EventRounds "9"]
[EventCountry "POL"]
[SourceTitle "EXT 2023"]
[Source "ChessBase"]
[SourceDate "2022.10.05"]
[SourceVersion "1"]
[SourceVersionDate "2022.10.05"]
[SourceQuality "1"]

1. e4 c6 2. d4 d5 3. f3 e6 4. Nc3 Bb4 5. Bd3 dxe4 6. Bxe4 Nf6 7. Bg5 Qa5 8. Qd2 Nbd7 9. Bxf6 Nxf6 10. Nge2 Nd5 11. Bxd5 cxd5 12. 0-0 0-0 13. a3 Bd6 14. Qg5 Qd8 15. Qxd8 Rxd8 16. Nb5 Bb8 17. b3 a6 18. Nbc3 Bd7 19. a4 Ba7 20. f4 Rac8 21. Rad1 Bb6 22. g3 Ba5 23. Rf3 Rc7 24. h3 Rdc8 25. Rdd3 b5 26. axb5 axb5 27. f5 b4 28. fxe6 fxe6 29. Na4 Rxc2 30. Rde3 Bxa4 31. bxa4 R2c3 32. Nxc3 bxc3 33. Rxe6 c2 34. Rf1 c1Q 35. Rxc1 Rxc1+ 36. Kf2 Rc4 37. Ke3 Rxa4 38. Re5 Ra3+ 39. Kf2 Bc7 40. Rxd5 Bxg3+ 41. Kg2 Bh4 42. Rb5 Bf6 43. d5 Rd3 44. Kf2 Rxh3 0-1

[Event "Rowy op-A 17th"]
[Site "Rowy"]
[Date "2008.06.16"]
[Round "3.20"]
[White "Karski, Sebastian"]
[Black "Les, Czeslaw"]
[Result "1/2-1/2"]
[WhiteElo "1840"]
[BlackElo "1951"]
[PlyCount "59"]
[EventDate "2008.06.14"]
[EventType "swiss"]
[EventRounds "9"]
[EventCountry "POL"]
[SourceTitle "EXT 2023"]
[Source "ChessBase"]
[SourceDate "2022.10.05"]
[SourceVersion "1"]
[SourceVersionDate "2022.10.05"]
[SourceQuality "1"]

1. e4 d5 2. exd5 Nf6 3. Nc3 Nxd5 4. Nxd5 Qxd5 5. d4 Nc6 6. Be3 e5 7. dxe5 Qxe5 8. Qe2 Be7 9. c3 0-0 10. Nf3 Qa5 11. Qb5 Bg4 12. Qxa5 Nxa5 13. Be2 c5 14. 0-0 Nc6 15. Bf4 Rfe8 16. Rfe1 Bf6 17. Ng5 Bf5 18. Bf3 h6 19. Ne4 Bxe4 20. Bxe4 g5 21. Bd6 c4 22. Bf3 Rad8 23. Rad1 a5 24. Bc7 Rxd1 25. Rxd1 Be5 26. Bxc6 Bxc7 27. Bb5 Rd8 28. Rxd8+ Bxd8 29. Bxc4 h5 30. a4 1/2-1/2

[Event "Rowy op-A 17th"]
[Site "Rowy"]
[Date "2008.06.15"]
[Round "2.17"]
[White "Wilczewski, Piotr"]
[Black "Karski, Sebastian"]
[Result "1/2-1/2"]
[WhiteElo "1959"]
[BlackElo "1840"]
[PlyCount "63"]
[EventDate "2008.06.14"]
[EventType "swiss"]
[EventRounds "9"]
[EventCountry "POL"]
[SourceTitle "EXT 2023"]
[Source "ChessBase"]
[SourceDate "2022.10.05"]
[SourceVersion "1"]
[SourceVersionDate "2022.10.05"]
[SourceQuality "1"]

1. d4 d5 2. e4 dxe4 3. Nc3 e6 4. Nxe4 Nd7 5. c3 Ngf6 6. Bd3 Be7 7. Nf3 0-0 8. 0-0 Nxe4 9. Bxe4 Nf6 10. Bc2 b6 11. Bg5 h6 12. Bh4 Bb7 13. Re1 c5 14. Qd3 g6 15. Bxf6 Bxf6 16. Ne5 Bxe5 17. dxe5 Qxd3 18. Bxd3 Rad8 19. Bc4 Rd2 20. Rab1 Rfd8 21. Bb3 Kf8 22. Red1 Ke7 23. f3 Ba6 24. c4 Rxd1+ 25. Rxd1 Rxd1+ 26. Bxd1 Bxc4 27. a3 Kd7 28. Kf2 Kc6 29. f4 b5 30. Ke3 a6 31. h4 Kd7 32. g3 1/2-1/2